| 000 | 00697nam a22002297a 4500 | ||
|---|---|---|---|
| 001 | 2492 | ||
| 005 | 20231212151443.0 | ||
| 020 | _a9780545197755 | ||
| 040 |
_aFISKH _beng _cFISKH _dFISKH |
||
| 050 | _aAG243.C566 | ||
| 082 | _a031.02 | ||
| 100 | _aClaybourne, Anna | ||
| 245 |
_a100 most disgusting things on the planet / _cAnna Claybourne |
||
| 250 | _aReprinted May 2014 | ||
| 260 |
_aNew York : _bScholastic, _c2010 |
||
| 300 |
_a112 pages : _bcolor illustrations ; _c23 cm |
||
| 505 | _aZ | ||
| 520 | _aPresents facts about disgusting things, organized into such categories as animals, food, and the human body. | ||
| 521 |
_a1010 _bLexile |
||
| 521 |
_aZ _bRaz-Plus |
||
| 942 |
_2ddc _cBK _n0 |
||
| 999 |
_c2492 _d2492 |
||